01016ngm a2200253 a 450000500170000000800410001708200180005824500810007625000190015730000630017649000140023950001240025365000680037765000440044565000420048970000310053194200200056226400420058233600270062433700330065133800280068404000350071299900150074720220317001252.0160825s1995 ck g 000 0 spa 04a791.433bM14g13aLa gran aventura de los gnomosccreador Claudio Biern Boydhvideograbación a1a. edición  a1 videocasete en VHS (75 minutos) bsonido, color c20 cm  aLa maleta aLa película pertenece a la colección La Maleta. Dirigida para un público infantil. Película en dibujos animados142LEMBaPelículas cinematográficas españolasvVideocasetes 142LEMBaCine para niños vVideocasetes 142LEMBaCuentos de hadasvVideocasetes 1 aBiern Boyd, Claudio968536 2ddccVIDEOCASET aBogotábMinisterio de Culturac1995 atextobtxt2rdacontent asin mediaciónbn2rdamedia avolumenbnc2rdacarrier aCO-BoRNBPbspaerdacCO-BoRNBP c6444d6444